000 00779nam a2200205Ii 4500
003 JO-AjNU
008 230605s9999||||xx |||||||||||||| ||und||
017 _a2004/12/2823
040 _aJO-AjNU
_bara
_erda
_cJO-AjNU
041 _aara
050 1 4 _aPJ7840.A398.B87 2004
100 3 _aتأليف أبو طعمة،ياسر,
_eauthor
_924487
245 0 0 _aمحمد بن أبي عامر المعافري في الشعر الأندلسي خلال القرن الرابع الهجري
264 3 1 _aإربد:دار الكتاب الثقافي،2005
300 _a238ص
336 _atext
_btxt
_2rdacontent
337 _aunmediated
_bn
_2rdamedia
338 _avolume
_bnc
_2rdacarrier
650 4 _aالشعر العربي - العصر الأندلسي - تاريخ ونقد
_924488
999 _aA9026
_c12594
_d12594